| 000 | 01069nam a22001937a 4500 | ||
|---|---|---|---|
| 005 | 20241113113837.0 | ||
| 010 | _aB-761211-222 07/24,CHHN | ||
| 020 |
_c350.00 _a9788179000737 (भाग-2) |
||
| 035 | _aB-761211-222 | ||
| 037 | _bएम.एन.पब्लिशर्स | ||
| 082 | _aक | ||
| 100 |
_aराजबहादुर सिंह _973902 |
||
| 245 |
_aरामायण की कहानियाँ / _cराजबहादुर सिंह |
||
| 260 |
_aनई दिल्ली _bएम.एन.पब्लिशर्स _c2023 |
||
| 270 |
_aw-112, ग्रेटर कैलाश-1 _bनई दिल्ली _e110048 |
||
| 300 |
_aभा-1,72पृ. _c25सेमी (सजिल्द) _bसचित्र |
||
| 942 |
_2ddc _cCH _hक _mराजब |
||
| 999 |
_c206967 _d206967 |
||